000 00785nam a2200253 a 4500
001 46175
003 BD-RjUL
005 20211209054122.0
008 010716s1952 nyu 000 0 eng d
035 _a(BD-RjUL)46293
035 _a2515861
040 _aANL
_beng
_cANL
_dBD-RjUL
041 _aeng
082 0 4 _a330.15
_bGAA 1952
100 1 _aGalbraith, John Kenneth
_d1908-2006.
_9130350
245 1 0 _aAmerican capitalism :
_bthe concept of countervailing power.
260 _aNew York :
_bHoughton Mifflin,
_c1952.
300 _axi, 217p.;
_c2o cm.
500 _aIncluding index
650 0 _aCapitalism
_zUnited States.
_9141098
650 0 _aCountervailing power
_zUnited States.
_9141099
651 0 _aUnited States
_xEconomic conditions
_y1918-1945.
_9116912
942 _2ddc
_cBK
999 _c46175
_d46175